000 00284 a2200121 4500
001 64191
082 _a968.064092 MAN
090 _c37936
_d37936
100 _aMandela Nelson
245 _aLong Walk to Freedom
_hEnglish
260 _aLondon
_bAbacus
_c2006
300 _ax, 770P.
942 _aNUST-CAE
_k968.064092 MAN
999 _c299264
_d299264